000 00784nam a2200265Ia 4500
003 OSt
005 20220924115417.0
006 a|||||r|||| 00| 0
007 ta
008 220923b |||||||| |||| 00| 0 san d
020 _a8185122474
020 _c250
024 _a260202
037 _b237, 30/09/2011, Eastern Book Linkers
_cTextual
040 _aARTS
_cARTS
_bsan
041 _2san
_asan
082 _aO15:g, Q1
100 _aRath Bharat Bhusan
_9178174
245 0 _aSanskrit vagamayasaya vibhinvibhava
260 _aDelhi
_bBharatiya Book Corporation India
_c2011
300 _a111p.
_ccm.
650 _aSANSKRIT LITERATURE
942 _hO15:g, Q1
_cTEXL
_2CC
999 _c398241
_d398241